000
00330nam a22001457a 4500
020
_a
0-141-31341-2
082
_a
823
_b
CHA/S
100
_a
CHAPMAN, LINDA
245
_a
MY SECRET UNICORN
_b
MAGIC STORY
260
_a
NEW DELHI
_b
PENGUIN BOOKS
_c
2002
300
_a
110
520
_a
SHORT STORY
650
_a
SHORT STORY
942
_c
BK
999
_c
3548
_d
3548